000
00254nam a22001097a 4500
082
_a
621.38153 HAK'J
100
_a
HAKIM, S. S
_9
80040
245
_a
JUNCTION TRANSISTOR CIRCUIT ANALYSIS
260
_a
LONDON
_b
ILIFFE
_c
1962
300
_a
522P
942
_c
BK
999
_c
585017
_d
585017